Symposium on X-Ray lithography in Japan
Sparad:
| Huvudupphovsman: | |
|---|---|
| Materialtyp: | Bok |
| Språk: | Undetermined |
| Publicerad: |
Japan
1991
|
| Ämnen: | |
| Taggar: |
Lägg till en tagg
Inga taggar, Lägg till första taggen!
|
| Thư viện lưu trữ: | Trung tâm Học liệu Trường Đại học Cần Thơ |
|---|
| LEADER | 00478nam a2200169Ia 4500 | ||
|---|---|---|---|
| 001 | CTU_98804 | ||
| 008 | 210402s9999 xx 000 0 und d | ||
| 082 | |a 544.6 | ||
| 082 | |b D261 | ||
| 100 | |a Davis, Keneth | ||
| 245 | 0 | |a Symposium on X-Ray lithography in Japan | |
| 245 | 0 | |c Keneth Davis | |
| 260 | |a Japan | ||
| 260 | |c 1991 | ||
| 650 | |a X-ray spectroscopy,Probes (electronic instruments) | ||
| 904 | |i Tuyến | ||
| 980 | |a Trung tâm Học liệu Trường Đại học Cần Thơ | ||